000
00333 a2200109 4500
001
ART_58359
005
20260410161830.0
008
260409a
245
1
0
_a
The human factor in Argentine agriculture
100
1
_a
Gallacher, Marcos
773
0
_t
Estudios Económicos
_g
- Vol. 38, Nº 77 (jul./dic. 2021)
_w
REV5080
999
_c
23100
_d
23100